Calabriadas
Gardado en:
| Autor Principal: | |
|---|---|
| Formato: | Libro |
| Idioma: | Lingua castelá |
| Publicado: |
Valparaíso
El Espejo de Tinta
2003
|
| Series: | Poesía
|
| Subjects: | |
| Tags: |
Engadir etiqueta
Sen Etiquetas, Sexa o primeiro en etiquetar este rexistro!
|
MARC
| LEADER | 00000nam a2200000 a 4500 | ||
|---|---|---|---|
| 001 | UCL6549 | ||
| 003 | CL-VaPUC | ||
| 008 | 040416e20030000CL |||||||||||||||||spa|d | ||
| 082 | 0 | 4 | |a Ch861 |b GEI |2 21 |
| 100 | |a Geisse Navarro, Cristian |e author |9 573478 | ||
| 245 | 1 | 0 | |a Calabriadas |
| 300 | |a 52 p | ||
| 942 | |c BK | ||
| 945 | |d 20040416 00:00:00 |a cmena | ||
| 260 | |a Valparaíso |b El Espejo de Tinta |c 2003 | ||
| 650 | 0 | |a Poesías chilenas |9 265280 | |
| 650 | 0 | |a Literatura juvenil |9 309909 | |
| 583 | |a last modification |c 20040416 00:00:00 |k Rodrigo Vera | ||
| 490 | 0 | |a Poesía | |
| 999 | |c 308552 |d 308550 | ||
| 952 | |0 0 |1 0 |4 0 |6 CH_861_000000000000000_GEI_2003 |7 0 |8 A |9 375163 |a BIBEDU |b BIBEDU |d 2019-11-21 |i 3958140 |o Ch861 GEI 2003 |p 3958140 |r 2019-11-21 |w 2019-11-21 |y BK |k LIT | ||